000 00256nam a22001217a 4500
008 181106b xxu||||| |||| 00| 0 eng d
041 _aeng
080 _a321
100 _a21
101 _aPOL
245 _aReal Time Coaching
_cErnst
942 _2udc
_cBK
999 _c51949
_d51949